LIBRARY & INFORMATION CENTRE, KCAET, TAVANUR

ONLINE PUBLIC ACCESS CATALOGUE (OPAC)

Text book of thermal engineering / (Record no. 13404)

MARC details
000 -LEADER
fixed length control field 00393cam a2200157ua 4500
003 - CONTROL NUMBER IDENTIFIER
control field OSt
008 - FIXED-LENGTH DATA ELEMENTS--GENERAL INFORMATION
fixed length control field 210806b ||||| |||| 00| 0 eng d
082 ## - DEWEY DECIMAL CLASSIFICATION NUMBER
Classification number 621.402
Item number KHU/TE
100 ## - MAIN ENTRY--AUTHOR NAME
Personal name Khurmi, R S.
245 ## - TITLE STATEMENT
Title Text book of thermal engineering /
250 ## - EDITION STATEMENT
Edition statement 15 /
260 ## - PUBLICATION, DISTRIBUTION, ETC. (IMPRINT)
Place of publication New Delhi :
Name of publisher S.Chand and Co ,
Year of publication 2007.
300 ## - PHYSICAL DESCRIPTION
Number of Pages 895 ; .
700 1# - ADDED ENTRY--PERSONAL NAME
Personal name Gupta, J.K .
942 ## - ADDED ENTRY ELEMENTS (KOHA)
Koha item type Books
Holdings
Withdrawn status Lost status Damaged status Home library Current library Date acquired Full call number Accession Number Koha item type Shelving location Source of acquisition Cost, normal purchase price
      KAUAET KAUAET 07/04/2012 621.402 22231 Books      
      KAUAET KAUAET 31/03/2021 621.402 KHU/TE BB 622 Book Bank scheme for SC students Scheme M/S TBS Books Calicut 799.00
      KAUAET KAUAET 31/03/2021 621.402 KHU/TE BB 623 Book Bank scheme for SC students Scheme M/S TBS Books Calicut 799.00
free website counter